| 000 | 00829nam a2200241 i 4500 | ||
|---|---|---|---|
| 001 | 16233 | ||
| 003 | ES-MaACL | ||
| 005 | 20250628062020.0 | ||
| 007 | t| | ||
| 008 | 000712s1991 sp a |||| | spa d | ||
| 020 | _a84-86919-46-0 | ||
| 080 | _a32(460)"1975/82" | ||
| 080 | _a32(460.288 A.)"1975/82" | ||
| 100 | 1 |
_aGómez Flores, Andrés. _957957 |
|
| 245 | 1 | 0 |
_aAnatomía de una transición _b: (Albacete, del fascismo a la democracia) / _cAndrés Gómez Flores. |
| 260 |
_aAlbacete : _bDiputación Provincial, _c[1991] |
||
| 300 |
_a339 p. : _bil. ; _c23 cm. |
||
| 651 | 4 |
_aEspaña- _xPolítica y gobierno- _y1975-1982. _98447 |
|
| 651 | 4 |
_aAlbacete- _xPolítica y gobierno. _9168636 |
|
| 710 | 1 |
_aAlbacete (Provincia). _bDiputación Provincial _91313 |
|
| 852 |
_aES-MaACL _jL-23420 |
||
| 999 |
_c16233 _d16233 |
||